Carter's advanced accounts : (Record no. 61504)
[ view plain ]
| 000 -LEADER | |
|---|---|
| fixed length control field | 00894nam a22002772a 4500 |
| 001 - CONTROL NUMBER | |
| control field | 61504 |
| 003 - CONTROL NUMBER IDENTIFIER | |
| rucl marc code | BD-RjUL |
| 005 - DATE AND TIME OF LATEST TRANSACTION | |
| control field | 20211209080954.0 |
| 008 - FIXED-LENGTH DATA ELEMENTS--GENERAL INFORMATION | |
| fixed length control field | 190313s1962 enk 000 0 eng d |
| 035 ## - SYSTEM CONTROL NUMBER | |
| System control number | OCLC ocm09080569 from D950427M |
| System control number | (BD-RjUL)61628 |
| 040 ## - CATALOGING SOURCE | |
| Original cataloging agency | SOI |
| Transcribing agency | SOI |
| Modifying agency | EQO |
| -- | BD-RjUL |
| Language of cataloging | eng |
| 041 ## - LANGUAGE CODE | |
| Language code of text/sound track or separate title | eng |
| 082 ## - DEWEY DECIMAL CLASSIFICATION NUMBER | |
| Edition number | 23 |
| Classification number | 657 |
| Author mark and year | CAC 1962 |
| 100 ## - MAIN ENTRY--PERSONAL NAME | |
| Personal name | Carter, Roger Neale. |
| 9 (RLIN) | 229343 |
| 245 10 - TITLE STATEMENT | |
| Title | Carter's advanced accounts : |
| Remainder of title | a manual of bookkeeping and accountancy for students / |
| Statement of responsibility, etc. | Roger N Carter ; Douglas Garbutt. |
| 250 ## - EDITION STATEMENT | |
| Edition statement | 5th ed |
| 260 ## - PUBLICATION, DISTRIBUTION, ETC. (IMPRINT) | |
| Place of publication, distribution, etc. | London : |
| Name of publisher, distributor, etc. | Sir I. Pitman & Sons, |
| Date of publication, distribution, etc. | 1962 |
| 300 ## - PHYSICAL DESCRIPTION | |
| Pagination | xvi, 1023 p.: |
| Illustrations | ill. ; |
| Size | 21 cm. |
| 500 ## - GENERAL NOTE | |
| General note | Previous editions by Roger N. Carter. cf. pref |
| General note | "Answers": p. 999-1007 |
| 650 #0 - SUBJECT ADDED ENTRY--TOPICAL TERM | |
| Topical term or geographic name as entry element | Accounting |
| 9 (RLIN) | 229344 |
| Topical term or geographic name as entry element | Bookkeeping |
| 9 (RLIN) | 229345 |
| 700 1# - ADDED ENTRY--PERSONAL NAME | |
| Personal name | Garbutt, Douglas. |
| 942 ## - ADDED ENTRY ELEMENTS (KOHA) | |
| Source of classification or shelving scheme | Dewey Decimal Classification |
| Koha item type | Books |
| Lost status | Source of classification or shelving scheme | Damaged status | Not for loan | Collection code | Permanent Location | Current Location | Shelving location | Date acquired | Source of acquisition | Cost, normal purchase price | Total Checkouts | Full call number | Date last seen | Copy number | Koha item type |
|---|---|---|---|---|---|---|---|---|---|---|---|---|---|---|---|
| Dewey Decimal Classification | Not For Loan | Non-fiction | Central Library, University of Rajshahi | Central Library, University of Rajshahi | Reading Room | 19/03/1963 | Zeitlinger | 17.60 | 657 CAC 1962 | 13/03/2019 | C-1 | Books |